Statistics for 200 Biggest Cities in the Czech Republic with a Map

Click here to take the quiz!

General Stats

  • This quiz has been taken 5,362 times
    (4,168 since last reset)
  • The average score is 70 of 200

Answers on the Map

Answers color-coded by a green-red scale on the quiz's map according to % correct below.
 

Answer Stats

CityPopulation% Correct
Praha1,335,084
99%
Brno382,405
96%
Ostrava284,982
93%
Plzeň175,219
93%
Liberec104,261
86%
Olomouc100,514
85%
České Budějovice94,229
83%
Pardubice91,755
83%
Karlovy Vary48,319
82%
Ústí nad Labem91,982
82%
Hradec Králové92,683
81%
Zlín74,478
80%
13,105
74%
Jihlava51,125
73%
Most65,341
72%
Kladno68,896
69%
Opava55,996
69%
Cheb31,920
65%
Mladá Boleslav44,506
61%
Frýdek-Místek55,006
60%
Karviná50,902
59%
Tábor34,119
59%
Český Krumlov12,788
58%
Teplice49,705
58%
Znojmo33,775
58%
Chomutov48,349
57%
Děčín47,951
56%
Jablonec nad Nisou45,317
56%
Kolín32,490
56%
Havířov70,165
54%
Písek30,379
54%
Břeclav24,554
52%
Trutnov29,958
51%
Beroun19,988
50%
Hodonín24,385
50%
Kutná Hora20,828
50%
Přerov42,451
50%
Prostějov43,381
49%
Příbram32,248
48%
Třebíč35,107
48%
Klatovy22,140
47%
Mariánské Lázně12,752
47%
Mělník19,579
47%
Sokolov22,924
47%
Šumperk25,452
47%
Uherské Hradiště25,001
47%
Český Těšín24,069
46%
Jeseník10,977
46%
Česká Lípa37,361
45%
Jičín16,551
45%
Jindřichův Hradec21,169
45%
Třinec34,778
45%
Turnov14,391
45%
Benešov16,804
43%
Brandýs nad Labem-Stará Boleslav19,420
43%
Litoměřice23,623
43%
Litvínov23,489
43%
Havlíčkův Brod23,255
42%
Kroměříž28,360
42%
Mikulov7,479
42%
Chrudim23,140
41%
Nymburk15,106
41%
Říčany16,167
41%
Vsetín25,782
41%
Česká Třebová15,267
40%
Domažlice11,056
40%
Nový Jičín23,151
40%
Ústí nad Orlicí14,209
40%
Vyškov20,676
40%
Strakonice22,428
39%
Valašské Meziříčí22,149
39%
Bruntál15,908
38%
Náchod19,688
38%
Žďár nad Sázavou20,485
38%
Blansko20,306
37%
Litomyšl10,240
37%
Třeboň8,150
37%
Louny18,156
36%
Pelhřimov16,012
36%
Poděbrady14,469
36%
Rakovník15,652
36%
Bohumín20,308
35%
Frýdlant7,478
35%
Rokycany14,313
35%
Svitavy16,601
35%
Krnov23,130
34%
Otrokovice17,592
34%
Varnsdorf15,117
34%
Humpolec10,975
33%
Orlová28,330
33%
Uherský Brod16,409
33%
Moravská Třebová9,795
32%
Tachov13,072
32%
Kralupy nad Vltavou18,485
31%
Rožnov pod Radhoštěm16,280
31%
Slaný16,010
31%
Žatec18,823
31%
Hranice17,818
30%
Nové Město na Moravě10,006
30%
Kadaň18,133
29%
Prachatice10,706
29%
Broumov7,272
28%
Čáslav10,350
28%
Ostrov16,491
28%
Rumburk10,903
28%
Velké Meziříčí11,452
28%
Český Brod7,066
27%
Kopřivnice21,657
27%
Vrchlabí12,289
27%
Jaroměř12,324
26%
Kyjov11,105
26%
Neratovice16,138
26%
Sušice10,957
26%
Zábřeh13,479
26%
Bílina17,103
25%
Frenštát pod Radhoštěm10,766
25%
Jirkov19,200
25%
Kuřim11,021
25%
Lovosice8,715
25%
Rychnov nad Kněžnou10,899
25%
Semily8,311
25%
Vlašim11,496
25%
Dvůr Králové nad Labem15,471
24%
Hlučín13,805
24%
Litovel9,651
24%
Mohelnice9,255
24%
Moravské Budějovice7,256
24%
Nový Bor11,582
24%
Roudnice nad Labem12,770
24%
Slavkov u Brna7,045
24%
Vysoké Mýto12,267
24%
Hulín6,687
23%
Stříbro7,687
23%
Vimperk7,400
23%
Boskovice11,726
22%
Lysá nad Labem9,825
22%
Nové Město nad Metují9,317
22%
Polička8,808
22%
Příbor8,428
22%
Šternberk13,388
22%
Uničov11,281
22%
Chodov13,089
21%
Nová Paka9,044
21%
Čelákovice12,293
20%
Černošice7,382
20%
Choceň8,584
20%
Dačice7,192
20%
Dobříš8,828
20%
Ivančice9,854
20%
Králův Dvůr9,940
20%
Přelouč9,875
20%
Roztoky8,783
20%
Studénka9,466
20%
Úvaly7,023
20%
Benátky nad Jizerou7,575
19%
Jesenice9,997
19%
Klášterec nad Ohří14,365
19%
Lanškroun9,800
19%
Rýmařov8,081
19%
Sezimovo Ústí7,176
19%
Vodňany6,995
19%
Frýdlant nad Ostravicí9,926
18%
Hlinsko9,602
18%
Holešov11,509
18%
Kaplice7,241
18%
Kraslice6,705
18%
Krupka12,547
18%
Milovice12,249
18%
Mnichovo Hradiště8,858
18%
Sedlčany6,922
18%
Tišnov9,267
18%
Veselí nad Moravou10,807
18%
Chotěboř9,103
17%
Hořice8,439
17%
Hostivice8,917
17%
Hrádek nad Nisou7,744
17%
Soběslav6,928
17%
Týn nad Vltavou7,887
17%
Dubí7,809
16%
Duchcov8,582
16%
Hořovice6,939
16%
Lipník nad Bečvou7,953
16%
Napajedla7,127
16%
Nejdek7,790
16%
Nýřany6,979
16%
Odry7,286
16%
Štětí8,584
16%
Milevsko8,185
15%
Přeštice7,049
15%
Červený Kostelec8,332
14%
Kravaře
6,662
14%
Letovice6,720
14%
Petřvald7,296
14%
Šlapanice7,703
14%
Bílovec7,399
13%
Bystřice nad Pernštejnem7,982
13%
Bystřice pod Hostýnem8,129
13%
Nový Bydžov6,924
13%
Rychvald7,572
13%
Vratimov7,356
13%

Score Distribution

Percentile by Number Answered

Percent of People with Each Score

Your Score History

You have not taken this quiz since the last reset